00347pab a2200121 454500008004000000100001500040245008800055260000900143300001300152362001200165650002500177773002300202180718b1999 xxu||||| |||| 00| 0 eng d aRana, A.P. aSouth Asian cooperation after the cold war: coping with the international dimension c1999 ap.99-107 aJan-Jun aRegional cooperation aSouth Asian Survey